=LDR 00000nam 2200000 4500 =001 INLIS000000000033414 =005 20130612135353 =008 ***********************************ind** =035 ##$$a0010-061300000033414 =041 ##$$a ind =082 ##$$a 642.5 =090 ##$$a 642.5, Agu f =100 ##$$a Agustaman =245 ##$$a Franchise Guide series-restoran, Agustaman;Penyunting, Dedes Eka Rini =260 ##$$a 2007 $b Jakarta =300 ##$$a ...Jil, Ilus, 22 cm =650 ##$$a Rumah Makan =850 ##$$a NBPNMAT =990 ##$$a 0001/BPAP-NTB/20142014